Pagar tributo al imperio o pagar tributo a la patria

En este documento se reproduce el diálogo sobre la deuda externa sostenido por el Comandante Fidel Castro R. con delegados a la Conferencia de los Trabajadores de América Latina y el Caribe, en su última sesión el jueves 18 de julio de 1988. En el diálogo, aparte del tema central de la deuda externa...

Cur síos iomlán

Sábháilte in:
Sonraí bibleagrafaíochta
Príomhchruthaitheoir: Castro Ruz, Fidel
Formáid: Téacs
Foilsithe / Cruthaithe: La Habana: Editora Política
Ábhair:
Clibeanna: Cuir clib leis
Níl clibeanna ann, Bí ar an gcéad duine le clib a chur leis an taifead seo!

MARC

LEADER 00000 a a2200000 04500
001 13874
003
040
090 |a 017200  
100 |a Castro Ruz, Fidel  
245 |a Pagar tributo al imperio o pagar tributo a la patria  
260 |a La Habana:   |b Editora Política  
300 |a 94 ps.  
520 |a En este documento se reproduce el diálogo sobre la deuda externa sostenido por el Comandante Fidel Castro R. con delegados a la Conferencia de los Trabajadores de América Latina y el Caribe, en su última sesión el jueves 18 de julio de 1988. En el diálogo, aparte del tema central de la deuda externa de América Latina y el Caribe, se abordaron otros adyacentes como las conferencias que al respecto se han efectuado y las que tendrán lugar, aparte de los aspectos políticos e históricos relativos a la cuestión de la deuda. LMM/mb  
650 |a DEUDA EXTERNA  
650 |a ASPECTOS POLITICOS  
650 |a DEMOCRACIA  
650 |a RECESION ECONOMICA  
650 |a CONFERENCIAS  
650 |a HISTORIA ECONOMICA  
650 |a MOVIMIENTOS DE LIBERACION NACIONAL  
650 |a NUEVO ORDEN ECONOMICO INTERNACIONAL  
999 |c 13799  |d 13799